El Sur de los Estados Unidos (Registro nro. 16166)

Detalles MARC
000 -CABECERA
Longitud fija campo de control 00734nam a2200229 a 4500
001 - NÚMERO DE CONTROL
Número de control ES-MaREB00202950-6
003 - IDENTIFICADOR DELl NÚMERO DE CONTROL
Identificador del número de control OSt
005 - FECHA Y HORA DE LA ÚLTIMA TRANSACCIÓN
Fecha y hora de la última transacción 20141213102630.0
008 - CÓDIGOS DE INFORMACIÓN DE LONGITUD FIJA
Códigos de información de longitud fija 020226s1984 arg 000 0 spa d
020 ## - NÚMERO INTERNACIONAL NORMALIZADO PARA LIBROS
Número Internacional Normalizado para Libros (ISBN) 958-9012-94-9
040 ## - FUENTE DE LA CATALOGACIÓN
Centro transcriptor BMC
082 ## - NÚMERO DE LA CLASIFICACIÓN DECIMAL DEWEY
Númeroo de clasificación 975
245 03 - MENCIÓN DE TÍTULO
Título El Sur de los Estados Unidos
Resto del título : retrato de una cultura
Mención de responsabilidad, etc. Louis D. Rubin compilador ; traducción, Alicia Escovar Gómez
250 ## - MENCIÓN DE EDICIÓN
Mención de edición 2ª ed
260 ## - PUBLICACIÓN, DISTRIBUCIÓN, ETC. (PIE DE IMPRENTA)
Lugar de publicación, distribución, etc. Santafé de Bogotá
Nombre del editor, distribuidor, etc. El Áncora
Fecha de publicación, distribución, etc. cop. 1994
300 ## - DESCRIPCIÓN FÍSICA
Extensión 451 p.
Dimensiones 23 cm
595 ## - NOTA DE EDICIÓN E HISTORIA BIBLIOGRÁFICA
Nota de edición e historia bibliográfica Traducción de: The American South
651 24 - PUNTO DE ACCESO ADICIONAL DE MATERIA - NOMBRE GEOGRÁFICO
9 (RLIN) 28941
Nombre geográfico Estados del Sur (Estados Unidos)
Subdivisión de materia general Descripción
700 1# - PUNTO DE ACCESO ADICIONAL - NOMBRE DE PERSONA
Nombre de persona Rubin, Louis D.
9 (RLIN) 28948
700 1# - PUNTO DE ACCESO ADICIONAL - NOMBRE DE PERSONA
Nombre de persona Escovar Gómez, Alicia
9 (RLIN) 28947
942 ## - ENTRADA DE ELEMENTOS AGREGADOS (KOHA)
Fuente de clasificaión o esquema Dewey Decimal Classification
Koha [por defecto] tipo de item 1- Monografias
Existencias
Suprimido Perdido Fuente de clasificación o esquema Estropeado Restricciones de uso No para préstamo Código de colección Localización permanente Localización actual Localización en estanter&íacute;as Fecha adquisición Fuente de adquisición Número de inventario Préstamos totales Signatura completa Código de barras Fecha última consulta Fecha del precio de reemplazo Tipo de item de Koha
NULL NULL Dewey Decimal Classification NULL Prestable NULL NULL Biblioteca Miguel de Cervantes - UNICAES Biblioteca Miguel de Cervantes - UNICAES Sala Principal 28/11/2014 Donación - USIS 025258   975 SUR 1025668 28/11/2014 28/11/2014 1- Monografias